Düşman : (Kayıt no. 7696)
[ düz görünüm ]
| 000 -LEADER | |
|---|---|
| fixed length control field | 00549nam a22001937a 4500 |
| 003 - CONTROL NUMBER IDENTIFIER | |
| control field | KOHA_MİRAKIL |
| 005 - DATE AND TIME OF LATEST TRANSACTION | |
| control field | 20241003053921.0 |
| 008 - FIXED-LENGTH DATA ELEMENTS--GENERAL INFORMATION | |
| fixed length control field | 241002b2016 tu ||||| |||| 00| 0 tur d |
| 020 ## - INTERNATIONAL STANDARD BOOK NUMBER | |
| International Standard Book Number | 9789944285414 |
| 040 ## - CATALOGING SOURCE | |
| Original cataloging agency | TR-AnABB |
| Language of cataloging | tur |
| Transcribing agency | TR-AnABB |
| 041 ## - LANGUAGE CODE | |
| Language code of text/sound track or separate title | tur |
| 082 ## - DEWEY DECIMAL CLASSIFICATION NUMBER | |
| Classification number | 305.4 |
| Item number | KIV 2016 |
| 100 1# - MAIN ENTRY--PERSONAL NAME | |
| Personal name | Kıvılcımlı, Ahmet |
| 9 (RLIN) | 1117 |
| 245 10 - TITLE STATEMENT | |
| Title | Düşman : |
| Remainder of title | burjuvazi / |
| Statement of responsibility, etc. | Dr. Ahmet Kıvılcımlı. |
| 260 ## - PUBLICATION, DISTRIBUTION, ETC. | |
| Place of publication, distribution, etc. | İstanbul : |
| Name of publisher, distributor, etc. | Sosyal İnsan Yayınları, |
| Date of publication, distribution, etc. | 2016. |
| 300 ## - PHYSICAL DESCRIPTION | |
| Extent | 96 sayfa ; |
| Dimensions | 20 cm. |
| 650 ## - SUBJECT ADDED ENTRY--TOPICAL TERM | |
| Topical term or geographic name entry element | Sosyoloji |
| 9 (RLIN) | 495 |
| 942 ## - ADDED ENTRY ELEMENTS (KOHA) | |
| Source of classification or shelving scheme | Dewey Decimal Classification |
| Koha item type | Kitap |
| 900 ## - EQUIVALENCE OR CROSS-REFERENCE-PERSONAL NAME [LOCAL, CANADA] | |
| Numeration | Can Çelik |
| Withdrawn status | Lost status | Source of classification or shelving scheme | Damaged status | Not for loan | Home library | Current library | Date acquired | Source of acquisition | Total checkouts | Full call number | Barcode | Date last seen | Price effective from | Koha item type |
|---|---|---|---|---|---|---|---|---|---|---|---|---|---|---|
| Dewey Decimal Classification | Meteoroloji Çalışma İstasyonu | Meteoroloji Çalışma İstasyonu | 02/10/2024 | SATIN | 305.4 KIV 2016 | ABB119068 | 03/10/2024 | 03/10/2024 | Kitap |
